| 000 | 00956nam a22003137a 4500 | ||
|---|---|---|---|
| 001 | BR0602505 | ||
| 003 | BR-BrBNA | ||
| 005 | 20230928102208.0 | ||
| 007 | ta | ||
| 008 | 230509b bl.||||| |||| 00| 0 por d | ||
| 040 |
_aBR-BrBNA _bpor _cBiblioteca Nacional de Agricultura |
||
| 041 | _a(Por) | ||
| 072 |
_aQ04 _b9240 |
||
| 090 | _ 9240 BR0602505 | ||
| 100 | 1 | _aRibeiro, K.M. | |
| 110 | 1 |
_aUniversidade Federal de Lavras, MG (Brasil) _0Tese (Mestrado) |
|
| 245 | 1 | _aEfeito da composição nas isotermas de sorção e características do biscoito de polvilho | |
| 260 | 3 |
_aLavras, MG (Brasil): _c2006. |
|
| 300 | _a159 p. | ||
| 500 | _aSummaries (Eng, Por); Bibliography p. 140-148; 31 illus.; 34 tables | ||
| 650 | _aBISCOITO | ||
| 650 | _aPOLVILHO | ||
| 650 | _aAMIDO | ||
| 650 | _aCOMPOSIÇÃO DE ALIMENTO | ||
| 650 | _aPROPRIEDADE FÍSICO-QUÍMICA | ||
| 650 | _aARMAZENAMENTO | ||
| 909 |
_a202309 _bLucia _c55 _dLucia Elande |
||
| 942 | _cBK | ||
| 999 |
_c69595 _d69595 |
||